|
|
|
|
| LEADER |
00000nas a2200000 a 4500 |
| 001 |
ssj0001574827 |
| 003 |
WaSeSS |
| 005 |
20200512172242.0 |
| 006 |
m d |
| 007 |
cr n |
| 008 |
950210c19919999xv ar s 0 0spa d |
| 010 |
|
|
|a sn 95042169
|
| 022 |
|
|
|l 0353-9660
|y 0353-9660
|
| 035 |
|
|
|a (WaSeSS)ssj0001574827
|
| 040 |
|
|
|a PIT
|b eng
|c PIT
|d OCLCQ
|d OCLCF
|d OCLCO
|d CUS
|d OCLCQ
|d WaSeSS
|
| 041 |
0 |
|
|a spa
|a por
|b slv
|
| 042 |
|
|
|a msc
|
| 050 |
1 |
4 |
|a PC4010
|b .V47
|
| 210 |
0 |
|
|a Verba Hisp.
|
| 222 |
|
0 |
|a Verba Hispanica
|
| 245 |
0 |
0 |
|a Verba hispanica
|h [electronic resource].
|
| 260 |
|
|
|a Ljubljana :
|b Departamento de la Lengua y Literatura Españolas de la Facultad de Filosofía y Letras de la Universidad de Ljubljana,
|c 1991-
|
| 310 |
|
|
|a Annual
|
| 362 |
0 |
|
|a 1-
|
| 506 |
|
|
|a License restrictions may limit access.
|
| 546 |
|
|
|a In Spanish and Portuguese; with summaries in Slovenian, 1992-
|
| 588 |
|
|
|a Latest issue consulted: 3, published in 1993.
|
| 650 |
|
0 |
|a Spanish philology
|v Periodicals.
|
| 650 |
|
0 |
|a Romance philology
|v Periodicals.
|
| 650 |
|
7 |
|a Romance philology.
|2 fast
|0 (OCoLC)fst01099881
|
| 650 |
|
7 |
|a Spanish philology.
|2 fast
|0 (OCoLC)fst01128644
|
| 655 |
|
0 |
|a Electronic journals.
|
| 710 |
2 |
|
|a Univerza v Ljubljani.
|b Departamento de la Lengua y Literatura Españolas.
|
| 850 |
|
|
|a PPiU
|
| 856 |
4 |
0 |
|z Full text available from Research Library: 01/01/2006 to present
|u https://search.proquest.com/publication/2042927
|